75 More Australian Musical Acts by Songs - Statistics

General Stats
  • This quiz has been taken 58 times
  • The average score is 18 of 75
Answer Stats
Songs Artist/Band % Correct
Working Class Man, Driving Wheels, No Second Prize Jimmy Barnes
64%
No Secrets, We Gotta Get Out Of This Place, Am I Ever Gonna See Your Face Again The Angels
64%
The Horses, You're My World, One Summer Daryl Braithwaite
52%
Under The Milky Way, The Unguarded Moment, Reptile The Church
52%
Run To Paradise, Boys Will Be Boys, Never Gonna Die Choirboys
50%
What's My Scene?, Bittersweet, Like Wow – Wipeout Hoodoo Gurus
50%
Friday On My Mind, Sorry, She's So Fine The Easybeats
50%
Eagle Rock, Come Back Again, The Ballad Of Oz Daddy Cool
44%
Battle Scars, Choir, Angels Brought Me Here Guy Sebastian
42%
I Was Only 19, I've Been To Bali Too, Poor Ned Redgum
42%
Black Betty, Ghost Riders in the Sky, Shazam! Spiderbait
42%
Black Fingernails, Red Wine, From The Sea, Foreign Land Eskimo Joe
40%
Weir, Mascara, I Am Killing Heidi
40%
Prisoner Of Society, White Noise, All Torn Down The Living End
40%
Catch My Disease, Love Me Like The World Is Ending, Cigarettes Will Kill You Ben Lee
38%
Solid Rock, Razor's Edge, Common Ground Goanna
38%
Tucker's Daughter, Telephone Booth, Slip Away Ian Moss
38%
Love Is In The Air, I Hate The Music, Yesterday's Hero John Paul Young
36%
Where I Stood, Scar, Steer Missy Higgins
36%
Blow Up The Pokies, No Aphrodisiac, You Sound Like Louis Burdett The Whitlams
36%
Dancing In The Storm, Onion Skin, Great Wall Boom Crash Opera
34%
True Blue, Old Man Emu, Rip Rip Woodchip John Williamson
32%
Come Said The Boy, State Of The Heart, Cool World Mondo Rock
32%
Bad Boy For Love, We Can't Be Beaten, Rock 'n' Roll Outlaw Rose Tattoo
30%
Streets Of Your Town, Spring Rain, Love Goes On The Go-Betweens
30%
That's When I Think Of You, If I Could, Compulsory Hero 1927
28%
One Crowded Hour, The Vineyard, There Is No Such Place Augie March
28%
Better Than, Zebra, Spring To Come John Butler Trio
28%
Don't Call Me Baby, Who The Hell Are You, It's Alright Madison Avenue
28%
Out Of Mind Out Of Sight, Barbados, I Hear Motion Models
28%
Never, What About Me?, Bustin' Loose Moving Pictures
26%
Funky Town, Listening, Don't Go Pseudo Echo
26%
Better, Helping Hand, Shivers The Screaming Jets
26%
20 Good Reasons, In The Summertime, Tommy And Krista Thirsty Merc
26%
Most People I Know, Poison Ivy, I Told The Brook Billy Thorpe and the Aztecs
24%
Alone With You, You Need A Friend, Happy Man Sunnyboys
24%
Heavy Heart, Berlin Chain, What I Don't Know 'bout You You Am I
24%
Took The Children Away, Down City Streets, Walking Into Doors Archie Roach
22%
One Word, Early Warning, Rush You Baby Animals
22%
Since I Left You, Because I'm Me, Frankie Sinatra The Avalanches
22%
The Honeymoon Is Over, Better Get A Lawyer, Black Stick The Cruel Sea
22%
Way Out West, This Road, Down On The Farm James Blundell
20%
The Last Day On Earth, Zero Gravity, Caught In The Crowd Kate Miller-Heidke
20%
Better Days, So Beautiful, Opportunity Pete Murray
20%
My Island Home, Blackfella/Whitefella, Jailanguru Pakarnu Warumpi Band
20%
Forever Young, Daisychains, Catching & Killing Youth Group
20%
She's My Baby, Shout, She Wears My Ring Johnny O'Keefe
18%
The Weight, Green Limousine, Lost The Badloves
18%
Shooting Stars, Way Back Home, Sunlight Bag Raiders
16%
Poison, I Should've Never Let You Go, ASAP Bardot
16%
January 26, Dumb Things, 2 Black 2 Strong A.B. Original
14%
Get Free, Ride, Outtathaway! The Vines
14%
Talk Is Cheap, Gold, Terms And Conditions Chet Faker
12%
Ooh La La, Que Sera Sera, Shakin' All Over Normie Rowe
12%
Jimmy Recard, Rapunzel, Sing It (The Life Of Riley) Drapht
10%
Pittsburgh, Don't Lean On Me, Open Letter The Amity Affliction
10%
Follow The Sun, Spirit Bird, Come Let Go Xavier Rudd
10%
Runnin' Wild, Too Much, Too Young, Too Fast, Breakin' Outta Hell Airbourne
8%
Bombora, Come On, Reef Break The Atlantics
8%
I Want U, Church, High Alison Wonderland
6%
(My Head Is A) Jungle, Underflow, Boy Emma Louise
6%
Smiling With No Teeth, Good Times, WUTD Genesis Owusu
6%
What You've Done To Me, Firestarter, Soldier Samantha Jade
6%
No Longer There, Sly, Two Shoes The Cat Empire
6%
Wiyathul, Bapa, Amazing Grace Gurrumul
4%
Illuminate, Given The Chance, Arcadia The Kite String Tangle
4%
Freaks, Oracle, Punjabi Timmy Trumpet
4%
Dynamite, Shine, My Heart Is On Fire Asta
2%
The Opposite Of Us, Thinking About You, Twin Rivers Big Scary
2%
Witchcraft, Watercolour, Propane Nightmares Pendulum
2%
Tear It Down, Stay, Sunrise (Won't Get Lost) The Aston Shuffle
2%
Summer Is A Curse, Humans, Saints Of The Sinners The Faim
2%
High You Are, Gemini, We Can Be Friends What So Not
2%
Nobody Just Like You, Don't Cry, Runaround Sue Human Nature
0%
Be About You, For Real, For The Record Winston Surfshirt
0%
No matching quizzes found
Score Distribution
Percent of People with Each Score
Percentile by Number Answered
Your Score History
You have not taken this quiz